000 00328 a2200145 4500
001 163153
020 _a
040 _cMagnum
100 _aChiavenato, Julio Jose
240 1 0 _aAs varias faces da inconfidencia
_lpor
245 1 0 _aAs varias faces da inconfidencia
362 0 _a1899
697 _aPARADIDATICO
942 _cBK
999 _c163153
_d163153